Sociedad y discurso
Gardado en:
| Autor Principal: | |
|---|---|
| Formato: | Libro |
| Idioma: | Undetermined |
| Publicado: |
Barcelona, España
Editorial Gedisa
2011
|
| Materias: | |
| Etiquetas: |
Engadir etiqueta
Sen Etiquetas, Sexa o primeiro en etiquetar este rexistro!
|
MARC
| LEADER | 00000nam a2200000Ia 4500 | ||
|---|---|---|---|
| 008 | 170316s9999 xx 000 0 und d | ||
| 090 | |a 410 V-3s | ||
| 100 | |a Van Dijk, Teun A. | ||
| 245 | |a Sociedad y discurso | ||
| 260 | |a Barcelona, España | ||
| 260 | |b Editorial Gedisa | ||
| 260 | |c 2011 | ||
| 300 | |a 412 páginas | ||
| 650 | |a LINGÜÍSTICA | ||
| 650 | |a CONTEXTO | ||
| 650 | |a COGNICIÓN SOCIAL | ||
| 650 | |a SOCIEDAD | ||
| 650 | |a LA CULTURA | ||
| 650 | |a DISCURSO | ||
| 650 | |a EL DEBATE SOBRE IRAK | ||
| 650 | |a PARLAMENTO BRITÁNICO | ||
| 999 | |c 18802 |d 18802 | ||
| 040 | |a cru BVZT | ||
| 942 | |c 15 D |h 410 V-3s |2 z | ||
